U.S. Presidential Line of Succession in Order - Statistics

General Stats
  • This quiz has been taken 33 times
  • The average score is 7 of 18
Answer Stats
Answer % Correct
Vice President
100%
Speaker of the House
93%
President Pro Tempore
61%
Secretary of State
61%
Secretary of Defense
57%
Secretary of the Treasury
54%
Attorney General
36%
Secretary of Commerce
32%
Secretary of Labor
32%
Secretary of the Interior
32%
Secretary of Agriculture
25%
Secretary of Education
25%
Secretary of Homeland Security
25%
Secretary of Energy
21%
Secretary of Housing and Urban Development
21%
Secretary of Transportation
21%
Secretary of Veterans Affairs
21%
Secretary of House and Human Services
14%
No matching quizzes found
Score Distribution
Percent of People with Each Score
Percentile by Number Answered
Your Score History
You have not taken this quiz